000 00638nam a2200229Ia 4500
003 BUBTL
008 151213s9999 xx 000 0 und d
020 _a0-07-463820-3
082 _a657.01/ P839a/ 2001
100 _aL.S.Porwal
_95670
245 _aAccounting Theory An Introduction
_cL.S.Porwal
250 _a3rd
260 _aNew Delhi
_bTata McGrawHill
_cc2001
300 _a[xvii] , 510p . :
_bill , 22cm .
_cAccounting .
500 _aIncludes Index .
650 _aAccounting
650 _aAccounting
700 _aL.S.Porwal
_95670
856 _k0
_l0
_yDownload
942 _2ddc
_cBK
999 _c4842
_d4842